[Event "BIH-chT2"]
[Site "Neum"]
[Date "2005.08.24"]
[Round "7"]
[White "Kozarcanin, Sead"]
[Black "Mujkic, Nihad"]
[Result "1/2-1/2"]
[WhiteElo "2232"]
[BlackElo "2208"]
[PlyCount "35"]
[EventDate "2005.08.20"]
[EventType "team"]
[EventRounds "9"]
[EventCountry "BIH"]
[SourceTitle "EXT 2007"]
[Source "ChessBase"]
[SourceDate "2006.11.23"]
[SourceVersion "1"]
[SourceVersionDate "2006.11.23"]
[SourceQuality "1"]

1. Nf3 d5 2. d3 c5 3. Nbd2 Nc6 4. g3 g6 5. Bg2 Bg7 6. 0-0 Nf6 7. c3 0-0 8. e4 e5 9. Qe2 Re8 10. Rd1 h6 11. a3 a5 12. a4 b6 13. exd5 Nxd5 14. Nc4 Bb7 15. Nh4 Nce7 16. Be3 Qc7 17. f4 Rad8 18. Qf2 1/2-1/2

[Event "BIH-chT2"]
[Site "Neum"]
[Date "2005.08.23"]
[Round "5"]
[White "Sprecic, Mustafa"]
[Black "Mujkic, Nihad"]
[Result "1/2-1/2"]
[WhiteElo "2325"]
[BlackElo "2208"]
[PlyCount "46"]
[EventDate "2005.08.20"]
[EventType "team"]
[EventRounds "9"]
[EventCountry "BIH"]
[SourceTitle "EXT 2007"]
[Source "ChessBase"]
[SourceDate "2006.11.23"]
[SourceVersion "1"]
[SourceVersionDate "2006.11.23"]
[SourceQuality "1"]

1. e4 d5 2. exd5 Qxd5 3. Nc3 Qa5 4. d4 Nf6 5. Nf3 Bg4 6. Be2 Nc6 7. h3 Bxf3 8. Bxf3 0-0-0 9. Bxc6 bxc6 10. 0-0 e5 11. Ne2 exd4 12. Qd3 Qb5 13. Qf3 Qd5 14. Qd3 c5 15. Rd1 Be7 16. Nf4 Qc6 17. Qc4 Rhe8 18. Nd3 Qd5 19. Qa6+ Kb8 20. Bf4 Bd6 21. c4 Qb7 22. Qa3 Nd7 23. Rab1 Ka8 1/2-1/2

[Event "BIH-chT2"]
[Site "Neum"]
[Date "2003.08.23"]
[Round "1"]
[White "Basagic, Zlatko"]
[Black "Mujkic, Nihad"]
[Result "1-0"]
[WhiteElo "2379"]
[BlackElo "2255"]
[PlyCount "80"]
[EventDate "2003.08.23"]
[EventType "team"]
[EventRounds "9"]
[EventCountry "BIH"]
[SourceTitle "EXT 2004"]
[Source "ChessBase"]
[SourceDate "2003.11.25"]
[SourceVersion "1"]
[SourceVersionDate "2003.11.25"]
[SourceQuality "1"]

1. e4 c5 2. Nf3 Qa5 3. Nc3 g6 4. Bc4 Bg7 5. 0-0 Nc6 6. d3 d6 7. Ng5 e6 8. f4 Nh6 9. Bd2 0-0 10. a4 a6 11. h3 Qd8 12. Qc1 Bxc3 13. bxc3 d5 14. Ba2 f6 15. Nf3 Nf7 16. Qa3 dxe4 17. dxe4 b6 18. Be3 Qc7 19. Nd2 Kg7 20. Bc4 Nd6 21. Bd3 Na5 22. c4 Nc6 23. Qb2 Rb8 24. Qc3 Bd7 25. Nf3 Nf7 26. e5 f5 27. Rfd1 Rfd8 28. Bf2 Be8 29. Bh4 Rd7 30. Be2 Kg8 31. g4 Rxd1+ 32. Rxd1 Ne7 33. Ng5 Nxg5 34. Bxg5 Rd8 35. Rxd8 Qxd8 36. a5 bxa5 37. Bxe7 Qxe7 38. Qxa5 Qh4 39. Qxc5 Qg3+ 40. Kf1 Qxh3+ 1-0